Statistics for Harry Potter Characters

Click here to take the quiz!

General Stats

  • This quiz has been taken 1,825 times
    (1,804 since last reset)
  • The average score is 53 of 109

Answer Stats

HintAnswer% Correct
GryffindorHarry Potter
99%
Ron Weasley
99%
Hermione Granger
97%
SlytherinDraco Malfoy
93%
Fred Weasley
91%
George Weasley
91%
Ginny Weasley
88%
Gregory Goyle
85%
Neville Longbottom
84%
Vincent Crabbe
83%
Severus Snape
81%
RavenclawLuna Lovegood
79%
Founders of HogwartsGodric Gryffindor
77%
Helga Hufflepuff
76%
Percy Weasley
76%
Salazar Slytherin
76%
Hogwarts StaffAlbus Dumbledore
75%
Minerva McGonagall
75%
Cho Chang
74%
GhostsNearly Headless Nick
74%
Remus Lupin
74%
Rowena Ravenclaw
74%
Dobby
70%
HufflepuffCedric Diggory
69%
Dean Thomas
69%
Bellatrix Lestrange
67%
Lucius Malfoy
67%
Rubeus Hagrid
67%
The Bloody Baron
67%
Order of the PhoenixAlastor Moody
66%
Dudley Dursley
66%
Filius Flitwick
66%
MugglesPetunia Dursley
65%
Seamus Finnigan
65%
Sirius Black
65%
Vernon Dursley
65%
Dark Wizards and Death EatersVoldemort
64%
Gilderoy Lockheart
62%
Dolores Umbridge
61%
Peeves
61%
Animals (beasts, elves etc)Hedwig
59%
Grey Lady
58%
Molly Weasley
57%
Pomona Sprout
57%
Arthur Weasley
56%
Quirinus Quirrell
56%
Buckbeak
53%
Kreacher
53%
Argus Filch
51%
Fat Friar
51%
Horace Slughorn
51%
Parvati Patil
51%
Sybill Trewlawney
51%
Bill Weasley
50%
Crookshanks
49%
Oliver Wood
49%
Tonks
49%
James Potter
48%
Padma Patil
48%
Katie Bell
47%
Moaning Myrtle
47%
Peter Pettigrew
47%
Aragog
46%
Lily Potter
46%
Firenze (Centaur)
45%
Scabbers
44%
Fluffy
43%
Narcissa Malfoy
43%
Madam Hooch
42%
Kingsley
41%
Madam Pomfrey
40%
Colin Creevey
39%
Fleur Delacour
39%
Lee Jordan
39%
Fang
38%
Norbert
36%
Barty Crouch Jr
33%
Cornelius Fudge
30%
Nagini
30%
Pigwidgeon
30%
Regulus Black
29%
Trevor
28%
Mundungus Fletcher
25%
Viktor Krum
25%
Aberforth Dumbledore
24%
Fawkes
24%
Grawp
24%
Griphook
23%
Mrs Norris
22%
Basilisk
20%
Madam Maxime
17%
Barty Crouch Sr
16%
Rita Skeeter
15%
Ollivander
14%
MiscBathilda Bagshot
13%
Xenophilius Lovegood
13%
Aunt Marge
12%
Amos Diggory
11%
Grindelwald
11%
Stan Shunpike
10%
Dementors
8%
Crabbe Sr
7%
Gabrielle Delacour
7%
Goyle Sr
7%
Nicholas Flamel
6%
Boggart
5%
Albus Severus Potter
4%
James Sirius Potter
3%
Lily Luna Potter
3%

Score Distribution

Percentile by Number Answered

Percent of People with Each Score

Your Score History

You have not taken this quiz since the last reset